| 000 | 00509nam a2200181Ia 4500 | ||
|---|---|---|---|
| 999 |
_c8932 _d8932 |
||
| 003 | OSt | ||
| 005 | 20201012110931.0 | ||
| 008 | 190216s9999||||xx |||||||||||||| ||und|| | ||
| 020 | _a9798181285378 | ||
| 040 | _coclc | ||
| 082 |
_a006.7 _bSTE/M |
||
| 100 |
_aSteinmetz, Ralf _95569 |
||
| 245 | 0 |
_aMultimedia Systems / _cRalf Steinmetz ; Klara Nahrstedt |
|
| 260 |
_bSpringer, _aNew York: _c2007. |
||
| 300 | _a486p | ||
| 650 | _aComputer | ||
| 942 |
_cBK _2ddc _h006.7 _iSTE/M _k006.7 _mSTE/M |
||